|
|
|
|
| LEADER |
00000nam0a2200000 4500 |
| 001 |
199941 |
| 005 |
20231101224923.0 |
| 010 |
|
|
|a 9785769554308
|
| 035 |
|
|
|a (RuTPU)RU\TPU\book\218000
|
| 090 |
|
|
|a 199941
|
| 100 |
|
|
|a 20110830d2009 m y0rusy50 ca
|
| 101 |
0 |
|
|a rus
|
| 102 |
|
|
|a RU
|
| 105 |
|
|
|a y j 001zy
|
| 200 |
1 |
|
|a Монтаж, пуск и наладка систем вентиляции
|e учебное пособие
|f А. В. Антипов, И. А. Дубровин
|
| 210 |
|
|
|a Москва
|c Академия
|d 2009
|
| 215 |
|
|
|a 64 с.
|c ил.
|
| 225 |
1 |
|
|a Непрерывное профессиональное образование
|
| 320 |
|
|
|a Библиогр.: с. 63.
|
| 330 |
|
|
|a В учебном пособии предлагается применение компетентностного подхода к подготовке специалистов по эксплуатации и ремонту систем вентиляции. Рассмотрены общие вопросы экономики предприятия по обслуживанию систем вентиляции, их назначение и устройство, оборудование систем вентиляции воздуха, монтаж, испытание и наладка вентиляционного оборудования. Приведена методика определения параметров вентиляционных систем. Для подготовки и переподготовки специалистов по профессии "Слесарь по ремонту и обслуживанию систем вентиляции и кондиционирования". Может быть использовано в образовательных учреждениях начального профессионального образования.
|
| 606 |
1 |
|
|a Вентиляционные установки
|x Проектирование
|2 stltpush
|3 (RuTPU)RU\TPU\subj\2219
|9 30811
|
| 610 |
1 |
|
|a производство
|
| 610 |
1 |
|
|a экономика
|
| 610 |
1 |
|
|a управление
|
| 610 |
1 |
|
|a системы вентиляции
|
| 610 |
1 |
|
|a назначение
|
| 610 |
1 |
|
|a устройство
|
| 610 |
1 |
|
|a оборудование
|
| 610 |
1 |
|
|a приточные установки
|
| 610 |
1 |
|
|a вытяжная вентиляция
|
| 610 |
1 |
|
|a монтаж
|
| 610 |
1 |
|
|a испытание
|
| 610 |
1 |
|
|a наладка
|
| 610 |
1 |
|
|a учебные пособия
|
| 675 |
|
|
|a 697.921.4(075.9)
|v 3
|
| 700 |
|
1 |
|a Антипов
|b А. В.
|g Алексей Васильевич
|
| 701 |
|
1 |
|a Дубровин
|b И. А.
|g Игорь Александрович
|
| 801 |
|
1 |
|a RU
|b 63413507
|c 20110830
|
| 801 |
|
2 |
|a RU
|b 63413507
|c 20111111
|g RCR
|
| 900 |
|
|
|a Отопление, вентиляция и кондиционирование воздуха
|
| 942 |
|
|
|c BK
|
| 959 |
|
|
|a 71/20110830
|d 1
|e 149,60
|f ЧЗТЛ:1
|